| 000 | 00719nam a2200229Ia 4500 | ||
|---|---|---|---|
| 001 | 1278 | ||
| 003 | GE_BSU | ||
| 008 | 181216s||||||||xx |||||||||||||| ||und|| | ||
| 040 | _cGE_BSU | ||
| 080 | _a159.9(07) | ||
| 245 | _aПсихологический практикум в школе. | ||
| 245 | _bУчебно-методич.пособие для студ.заочников пед.ин-тов. | ||
| 260 | _aМосква | ||
| 260 | _bПросвещение | ||
| 260 | _c1979. | ||
| 300 | _a108 с.19 см. | ||
| 541 | _h5 л. | ||
| 653 | _aПсихологический практикум в школе. | ||
| 653 | _aПсихология. | ||
| 653 | _aფსიქოლოგია | ||
| 942 | _cBK | ||
| 999 |
_c35422 _d35422 |
||